00731nam a2200241 a 4500001001300000003000900013005001700022008004100039020002300080082001300103100001500116245004500131260005000176300001000226500003500236505002400271650001800295700001500313902000800328942000700336952012900343999001700472nice12345678IN_TiNIC20260116014718.0131003s2013 newa grp 000 0 eng  a9788130919034c29500a170bWOD aWoods, Tim aBeginning Postmodernism - Second Edition aNew Delhi bViva Books Private Limited c2013 a329p  aincludes index and biblioraphy2 aBibliography, Index aPostmodernism1 aWoods, Tim bSRS cBK 001040708StackRoom-aHMIbHMId2013-10-03g295.00l7m1o170 WODp024122r2019-09-20s2019-08-16v295.00w2013-10-03yBK c16594d16594